00836nam a2200241 a 450000100060000000300080000600500170001400800410003103500190007204000320009104100080012308200250013110000280015624500550018426000390023930000340027850400360031265000300034883000460037894200120042499900170043695201410045367322BD-RjUL20211209081634.0170323s1968 nyua b 001 0 eng d a(BD-RjUL)67453 aDLCcDLCdDLCdBD-RjULbeng aeng00a539.74223bDAC 19681 aDavidson, J. P.919945910aCollective models of the nucleus /cJ. P. Davidson aNew York :bAcademic Press,c1968. axii, 238 p. :bill. ;c24 cm. aInclude Bibliography and index. 0aNuclear Structure9199461 aPure and applied physics ;vv. 299199466 2ddccBK c67322d67322 00102ddc40718NFICaRUCLbRUCLcReadingd2021-12-09ezeithingerg120.00l0o539.74 DAC 1968r2017-03-23 00:00:00tC-1w2017-03-23yBK